000 00806nam a2200217Ia 4500
003 OSt
005 20251024153717.0
008 221004b |||||||| |||| 00| 0 pan d
020 _a9789380427164 (hbk)
037 _cTB
040 _aCRL
_cCRL
_bPUN
041 _2PUN
_aPUN
084 _aO153,1N25:g N0;Q0
_qCRL
100 _aਰਾਮ ਮੂਰਤੀ
_9818304
245 0 _aਜਸਵੰਤ ਸਿੰਘ ਨੇਕੀ ਕਾਵਿ ਵਿਧਾ ਪਰਿਪੇਖ
260 _aਜਲੰਧਰ:
_bਸੁੰਦਰ ਬੁੱਕ ਡਿਪੋ ਭਾਰਤ,
_c2010.
300 _a200ਪੰ
_ccm.
650 _aਪੰਜਾਬੀ ਸਾਹਿਤ
_9849515
942 _hO153,1N25:g N0;Q0
_cTB
_2CC
_n0
999 _c1025469
_d1025469